<?xml version="1.0" encoding="UTF-8"?>
<marc:record xmlns:marc="http://www.loc.gov/MARC21/slim">
   <marc:leader>00000nam a2200000 a 4500</marc:leader>
   <marc:datafield ind1="1" ind2=" " tag="100">
      <marc:subfield code="a">Flieder, Sonja</marc:subfield>
      <marc:subfield code="4">aut</marc:subfield>
      <marc:subfield code="e">Verfasser/-in</marc:subfield>
   </marc:datafield>
   <marc:datafield ind1=" " ind2=" " tag="653">
      <marc:subfield code="a">Tierarzt</marc:subfield>
   </marc:datafield>
   <marc:datafield ind1=" " ind2=" " tag="653">
      <marc:subfield code="a">Apfelbaum</marc:subfield>
   </marc:datafield>
   <marc:datafield ind1=" " ind2=" " tag="653">
      <marc:subfield code="a">Apfelhof</marc:subfield>
   </marc:datafield>
   <marc:datafield ind1=" " ind2=" " tag="653">
      <marc:subfield code="a">Alpakas</marc:subfield>
   </marc:datafield>
   <marc:datafield ind1=" " ind2=" " tag="653">
      <marc:subfield code="a">Alpacas</marc:subfield>
   </marc:datafield>
   <marc:datafield ind1=" " ind2=" " tag="653">
      <marc:subfield code="a">Lüneburger Heide</marc:subfield>
   </marc:datafield>
   <marc:datafield ind1="0" ind2="0" tag="245">
      <marc:subfield code="a">Sonnenküsse auf dem kleinen Apfelhof</marc:subfield>
   </marc:datafield>
   <marc:datafield ind1="0" ind2="0" tag="245">
      <marc:subfield code="c">Sonja Flieder</marc:subfield>
   </marc:datafield>
   <marc:datafield ind1=" " ind2="1" tag="264">
      <marc:subfield code="a">Köln</marc:subfield>
      <marc:subfield code="b">beHEARTBEAT</marc:subfield>
      <marc:subfield code="c">2024</marc:subfield>
   </marc:datafield>
   <marc:datafield ind1="1" ind2=" " tag="490">
      <marc:subfield code="a">Fünf Alpakas für die Liebe</marc:subfield>
   </marc:datafield>
   <marc:datafield ind1="1" ind2=" " tag="520">
      <marc:subfield code="a">Ein großer Auftritt für die Alpakas! &lt;br/&gt;&lt;br/&gt;Miri macht sich Sorgen: Mit der Adoption ihrer Ziehtochter Hanna will es einfach nicht vorangehen, und dann mischen sich auch noch die Großeltern ein. Da kommt die Anfrage einer Werbeagentur an das Apfelhof-Team gerade recht. Weil Alpakas derzeit so gefragt sind, sollen sie für Tierschutzfilme, Postkarten und Kalender posieren. Die flauschigen, herzigen Tiere bezaubern natürlich das gesamte Agenturteam, das zwei Tage auf dem Hof verbringt. &lt;br/&gt;&lt;br/&gt; &lt;br/&gt;Strahlend wie ein Sommertag, süß wie ein Apfelkuchen und romantisch wie eine Kutschfahrt durch die Lüneburger Heide - das ist der neue Wohlfühl-Roman der Apfelhof-Reihe. &lt;br/&gt;&lt;br/&gt; &lt;br/&gt;beHEARTBEAT - Herzklopfen garantiert.</marc:subfield>
   </marc:datafield>
   <marc:datafield ind1=" " ind2=" " tag="020">
      <marc:subfield code="a">9783741304743</marc:subfield>
      <marc:subfield code="9">9783741304743</marc:subfield>
   </marc:datafield>
   <marc:datafield ind1=" " ind2=" " tag="041">
      <marc:subfield code="a">ger</marc:subfield>
   </marc:datafield>
   <marc:datafield ind1="0" ind2=" " tag="490">
      <marc:subfield code="v">7</marc:subfield>
   </marc:datafield>
   <marc:datafield ind1="1" ind2=" " tag="521">
      <marc:subfield code="a">12</marc:subfield>
   </marc:datafield>
   <marc:datafield ind1=" " ind2=" " tag="300">
      <marc:subfield code="a">237 Seiten</marc:subfield>
   </marc:datafield>
</marc:record>
